书目信息 |
| 题名: |
临汾旅
|
|
| 作者: | 孙吴 著 | |
| 分册: | ||
| 出版信息: | 北京 解放军文艺出版社 1978 |
|
| 页数: | 189页 | |
| 开本: | 19cm | |
| 丛书名: | ||
| 单 册: | ||
| 中图分类: | I251 , I246.4 | |
| 科图分类: | ||
| 主题词: | 小说--中国 | |
| 电子资源: | ||
| ISBN: | ||
| 000 | 00586nam0 2200253 45 | |
| 001 | 0178004494 | |
| 005 | 20040330160648.9 | |
| 010 | @dCNY0.45 | |
| 091 | @a10137.5 | |
| 100 | @a19950720d1978 em y0chiy0121 ea | |
| 101 | 0 | @achi |
| 102 | @aCN@b110000 | |
| 105 | @ay z 000zy | |
| 106 | @ar | |
| 200 | 10 | @a临汾旅@Alin fen lv@f孙吴著 |
| 205 | @a2版 | |
| 210 | @a北京@c解放军文艺出版社@d1978 | |
| 215 | @a189页@d19cm | |
| 606 | 0 | @a小说@x中国 |
| 690 | @aI251@v3 | |
| 690 | @aI246.4 | |
| 701 | 0 | @a孙吴@Asun wu@4著 |
| 801 | 0 | @aCN@bNLC@c20040330 |
| 905 | @f1@b3476@dI246.4@e3 | |
| 临汾旅/孙吴著.-2版.-北京:解放军文艺出版社,1978 |
| 189页;19cm |
| ISBN :CNY0.45 |
| ● |
| 相关链接 |
|
|
|
|
正题名:临汾旅
索取号:I246.4/3
 
预约/预借
| 序号 | 登录号 | 条形码 | 馆藏地/架位号 | 状态 | 备注 |
| 1 | 0003476 | 001924127 | 密集书库/ [索取号:I246.4/3] | 在馆 |